00628nam a2200169Ia 4500008004100000020001800041041000800059082001700067100005300084245006900137250000600206260006100212300001700273650002300290999001900313952012600332210716s2010 xx 000 0 und d a9788177589764 aeng a658.404 GRAC aGray, Clifford F;Larson, Erik W;Desai, Gautam V. aProject management: the managerial process.bManagerial process. a4 aNew DelhibTata McGraw Hill Publishing Company Ltdc2010 axxi,706/2013 aProject Management c208280d208280 001040708MBAaAIMITbAIMITd2013-12-19g625.00l0o658.404 GRACpMBA10846r2026-05-23 00:00:00v468.75w2021-07-16yBK